000
00306nam a22001337a 4500
008
181102b xxu||||| |||| 00| 0 eng d
020
_a
9780743212410
041
_a
eng
080
_a
618
100
_a
10
101
_a
GJIN
245
_a
Pregnancy Childbirth and the Newborn
_c
Simkin, P
942
_2
udc
_c
BK
999
_c
51724
_d
51724